Risultati dell'Inter in UEFA Champions League 2021-2022 - Statistics

Statistiche generali
  • Questo quiz è stato fatto 29 volte
  • Il punteggio medio è 5 su 8
Statistiche sulle risposte
Hint Risposta % Corretto
Liverpool - Inter 0-1
76%
Inter - Real Madrid 0-1
72%
Inter - Liverpool 0-2
68%
Inter - Shakhtar Donetsk 2-0
60%
Shakhtar Donetsk - Inter 0-0
56%
Inter - Sheriff Tiraspol 3-1
52%
Sheriff Tiraspol - Inter 1-3
48%
Real Madrid - Inter 2-0
40%
Nessun quiz corrispondente trovato
Distribuzione punteggi
Percentuale di utenti per punteggio
Percentile per numero di risposta
I tuoi punteggi nel tempo
Non hai fatto questo quiz